000
00162 a2200073 4500
020
_a
9780627026683
082
_a
9400887464
245
_a
Growing human rights and values
999
_c
786554
_d
786553
942
_w
13411
_x
Bongani Makatu
_y
13411
_z
Bongani Makatu